000 00370nam a2200121Ia 4500
008 180305s9999 xx 000 0 und d
020 _a1582550034
100 _aGingrich, Margarete M.
245 _cMargaret M. Gingrich, Janet H. Rhorer
_aMedical-Surgical Nursing/
250 _a2nd ed.
260 _aSan Juan, Metro Manila
_bC&E Pub. Inc.
_c1999
300 _av, 336 Pages
999 _c356082
_d356082